Present series: N.1 - 30

में बचाया:
ग्रंथसूची विवरण
मुख्य लेखक: Đào Quang Truyền
स्वरूप: पुस्तक
भाषा:Undetermined
प्रकाशित: Hà Nội Viện Toán học 1984
विषय:
टैग : टैग जोड़ें
कोई टैग नहीं, इस रिकॉर्ड को टैग करने वाले पहले व्यक्ति बनें!
Thư viện lưu trữ: Trung tâm Học liệu Trường Đại học Cần Thơ
LEADER 00529nam a2200181Ia 4500
001 CTU_18918
008 210402s9999 xx 000 0 und d
082 |a 515 
082 |b P928/1984 
100 |a Đào Quang Truyền 
245 0 |a Present series: N.1 - 30 
245 0 |c Đào Quang Truyền 
260 |a Hà Nội 
260 |b Viện Toán học 
260 |c 1984 
650 |a mathemetics - research 
904 |i Nguyễn Quang Điền, 960601 
980 |a Trung tâm Học liệu Trường Đại học Cần Thơ